000 00852nam a2200301Ia 4500
001 Z_4289
003 CHAP
008 220113s1979 xx 000 0 und d
010 _a167354
040 _cCHAP
082 _a591.5 G3
100 _aGarcía, Luis
_9141528
245 _aEcología de los animales de granja /
_cpor Luis García, Julio Corzo y Miguel Cama
260 _aLa Habana :
_bInstituto Superior de Ciencias Agropecuarias de la Habana,
_c1979
300 _a385 p.
440 _a
500 _a
503 _a
650 _aAnimales domésticos
_xEfecto del medio ambiente
_95900
650 _aAnimales domésticos
_xHábitos y conducta I. Corzo, Julio II. Cama, Miguel
_9141529
650 _aEcología animal
_935170
901 _a591.5 G3
902 _aA
910 _a1979
942 _c1
942 _cc1
999 _c167354
_d167354